|
|
|
|
| LEADER |
00000nam0a2200000 4500 |
| 001 |
87727 |
| 005 |
20231031102324.0 |
| 010 |
|
|
|a 5753403026
|
| 020 |
|
|
|a RU
|b 90-22987
|
| 035 |
|
|
|a (RuTPU)RU\TPU\book\94162
|
| 090 |
|
|
|a 87727
|
| 100 |
|
|
|a 20051214d1990 m y0rusy5003 ca
|
| 101 |
0 |
|
|a rus
|
| 102 |
|
|
|a RU
|
| 105 |
|
|
|a a z 001zy
|
| 200 |
1 |
|
|a Техника безопасности при подземном выщелачивании металлов из руд
|f А. П. Городничев, В. Н. Келин, К. К. Хулелидзе
|g Северо-Кавказский горно-металлургический институт
|
| 210 |
|
|
|a Орджоникидзе
|c Ир
|d 1990
|
| 215 |
|
|
|a 104 с.
|c ил.
|
| 320 |
|
|
|a Библиогр.: с. 103
|
| 610 |
1 |
|
|a металлы
|
| 610 |
1 |
|
|a выщелачивание подземное
|
| 610 |
1 |
|
|a техника безопасности
|
| 610 |
1 |
|
|a руды
|
| 700 |
|
1 |
|a Городничев
|b А. П.
|g Арнольд Павлович
|
| 701 |
|
1 |
|a Келин
|b В. Н.
|g Владимир Николаевич
|
| 701 |
|
1 |
|a Хулелидзе
|b К. К.
|g Казбек Константинович
|
| 712 |
0 |
2 |
|a Северо-Кавказский горно-металлургический институт
|2 stltpush
|3 (RuTPU)RU\TPU\col\8203
|
| 801 |
|
0 |
|a RU
|b RuMRKP
|c 19950417
|g psbo
|
| 801 |
|
1 |
|a RU
|b 63413507
|c 20051214
|g PSBO
|
| 801 |
|
2 |
|a RU
|b 63413507
|c 20071023
|g PSBO
|
| 942 |
|
|
|c BK
|